|
|
|
|
| LEADER |
00000nam0a2200000 4500 |
| 001 |
288920 |
| 005 |
20231102000134.0 |
| 020 |
|
|
|a RU
|b 84-71139
|
| 035 |
|
|
|a (RuTPU)RU\TPU\book\313425
|
| 090 |
|
|
|a 288920
|
| 100 |
|
|
|a 20150330d1984 k y0rusy5003 ca
|
| 101 |
0 |
|
|a rus
|
| 102 |
|
|
|a RU
|
| 105 |
|
|
|a a z 001zy
|
| 200 |
1 |
|
|a Организация структур управляющих многопроцессорных вычислительных систем
|f В. В. Игнатущенко
|
| 210 |
|
|
|a Москва
|c Энергоатомиздат
|d 1984
|
| 215 |
|
|
|a 182 с.
|c ил.
|
| 225 |
1 |
|
|a Применение вычислительных машин в исследованиях и управлении производством
|
| 320 |
|
|
|a Библиогр.: с. 176-180
|
| 606 |
|
|
|a Вычислительные системы многопроцессорные
|2 stltpush
|3 (RuTPU)RU\TPU\subj\4355
|9 32637
|
| 610 |
1 |
|
|a структура
|
| 610 |
1 |
|
|a память
|
| 610 |
1 |
|
|a организация
|
| 610 |
1 |
|
|a интерфейсы
|
| 610 |
1 |
|
|a алгоритмы
|
| 610 |
1 |
|
|a однородные поля
|
| 610 |
1 |
|
|a информация
|
| 610 |
1 |
|
|a ассоциативная обработка
|
| 675 |
|
|
|a 681.324
|v 3
|
| 700 |
|
1 |
|a Игнатущенко
|b В. В.
|g Владислав Валентинович
|
| 801 |
|
0 |
|a RU
|b RuMRKP
|c 19950704
|g psbo
|
| 801 |
|
1 |
|a RU
|b 63413507
|c 20150330
|
| 801 |
|
2 |
|a RU
|b 63413507
|c 20171207
|g RCR
|
| 942 |
|
|
|c BK
|